[Event "Getxo op 4th"]
[Site "Getxo"]
[Date "2019.09.13"]
[Round "7"]
[White "Grandes Arnaiz, Jose Ramon"]
[Black "Isasi Bilbao, Tomas"]
[Result "1-0"]
[WhiteElo "1318"]
[BlackElo "1173"]
[PlyCount "51"]
[EventDate "2019.09.08"]
[EventType "swiss"]
[EventRounds "9"]
[EventCountry "ESP"]
[SourceTitle "EXT 2020"]
[Source "ChessBase"]
[SourceDate "2019.10.17"]
[SourceVersion "1"]
[SourceVersionDate "2019.10.17"]
[SourceQuality "1"]

1. Nf3 Nc6 2. c4 e5 3. Nc3 Nf6 4. d3 Bc5 5. a3 Ng4 6. e3 Nd4 7. Nxd4 exd4 8. exd4 Bxd4 9. Qxg4 Qf6 10. Nd5 Qxf2+ 11. Kd1 0-0 12. Qf3 Qh4 13. g3 Qd8 14. Qg4 Bf6 15. Bf4 d6 16. Nxf6+ Qxf6 17. Qe2 Qg6 18. Bg2 Bg4 19. Bf3 Rfe8 20. Qf2 Qxd3+ 21. Bd2 Bxf3+ 22. Kc1 Bxh1 23. Qf4 Re4 24. Qg5 Rxc4+ 25. Bc3 Be4 26. Qxg7# 1-0